Estructura demográfica y migraciones internas en Centroamérica

Збережено в:
Бібліографічні деталі
Співавтор: CSUCA. Programa Centroamericano de Ciencias Sociales
Формат: Текст
Опубліковано: San José: EDUCA
Теги: Додати тег
Немає тегів, Будьте першим, хто поставить тег для цього запису!

MARC

LEADER 00000 a a2200000 04500
001 15670
003
040
090 |a 1001 E82e  
110 |a CSUCA. Programa Centroamericano de Ciencias Sociales  
245 |a Estructura demográfica y migraciones internas en Centroamérica  
260 |a San José:   |b EDUCA  
300 |a 382; 39 p.  
999 |c 10886  |d 10886